<?xml version="1.0" encoding="UTF-8"?>
<record
    xmlns:xsi="http://www.w3.org/2001/XMLSchema-instance"
    xsi:schemaLocation="http://www.loc.gov/MARC21/slim http://www.loc.gov/standards/marcxml/schema/MARC21slim.xsd"
    xmlns="http://www.loc.gov/MARC21/slim">

  <leader>00371nam a22001457a 4500</leader>
  <controlfield tag="003">OSt</controlfield>
  <controlfield tag="005">20241227110627.0</controlfield>
  <controlfield tag="008">241227b        |||||||| |||| 00| 0 eng d</controlfield>
  <datafield tag="040" ind1=" " ind2=" ">
    <subfield code="c">IIMT UNIVERSITY</subfield>
  </datafield>
  <datafield tag="100" ind1=" " ind2=" ">
    <subfield code="a">PADOHAR, HANUMANPRASAD</subfield>
  </datafield>
  <datafield tag="245" ind1=" " ind2=" ">
    <subfield code="a">VIDHUR NEETI (MAHABHARAT UDHYOGPARV SE)</subfield>
  </datafield>
  <datafield tag="260" ind1=" " ind2=" ">
    <subfield code="a">GORAKHPUR</subfield>
    <subfield code="b">GEETA PRESS</subfield>
    <subfield code="c">S.2011</subfield>
  </datafield>
  <datafield tag="300" ind1=" " ind2=" ">
    <subfield code="a">168</subfield>
  </datafield>
  <datafield tag="942" ind1=" " ind2=" ">
    <subfield code="2">ddc</subfield>
    <subfield code="c">09</subfield>
  </datafield>
  <datafield tag="999" ind1=" " ind2=" ">
    <subfield code="c">64989</subfield>
    <subfield code="d">64989</subfield>
  </datafield>
  <datafield tag="952" ind1=" " ind2=" ">
    <subfield code="0">0</subfield>
    <subfield code="1">0</subfield>
    <subfield code="2">ddc</subfield>
    <subfield code="4">0</subfield>
    <subfield code="7">0</subfield>
    <subfield code="a">01</subfield>
    <subfield code="b">01</subfield>
    <subfield code="d">2024-12-27</subfield>
    <subfield code="e">CHAIRMEN SIR</subfield>
    <subfield code="g">1.50</subfield>
    <subfield code="i">DONATED</subfield>
    <subfield code="p">28-S-4104</subfield>
    <subfield code="r">2024-12-27</subfield>
    <subfield code="u">Indian Knowledge Systems (Neeti Shastra)</subfield>
    <subfield code="w">2024-12-27</subfield>
    <subfield code="y">09</subfield>
  </datafield>
</record>
